Formas de provincias españolas #2 - Estadísticas

Estadísticas generales
  • Esta prueba ha sido intentada 114 veces
  • La puntuación promedio es 16 de 25
Estadísticas de respuestas
Imagen Respuesta % Correcto
Madrid
98%
Asturias
92%
Las Palmas
90%
Cantabria
81%
Palencia
79%
Burgos
77%
La Rioja
76%
La Coruña
72%
Tarragona
71%
Cuenca
68%
Huelva
64%
Badajoz
61%
Cádiz
61%
Lérida
60%
León
59%
Castellón
58%
Vizcaya
56%
Jaén
54%
Ciudad Real
53%
Orense
53%
Lugo
52%
Toledo
52%
Guadalajara
48%
Barcelona
44%
Albacete
41%
No se encontraron pruebas coincidentes
Distribución de puntuación
Porcentaje de gente con cada puntuación
Porcentaje por número respondido
Historial de tus puntuaciones
No has intentado esta prueba.